000 00479nam a22001817a 4500
003 CEME
005 20210628204112.0
008 210113b xxu||||| |||| 00| 0 eng d
020 _a9780521687492
040 _cceme
082 _a621.382 TSE
100 _aTse, David, Viswanath, Pramod
_968744
245 _aFundamentals of wireless communication
260 _aINDIA
_bCAMBRIDGE
_c2012
300 _aXXI, 559P
650 _aWIRELESS COMMUNICATION.
_968745
942 _cBK
_2ddc
999 _c576222
_d576222